| 000 | 00756cam a2200229 i 4500 | ||
|---|---|---|---|
| 001 | 19128554 | ||
| 005 | 20180521155446.0 | ||
| 008 | 180521s2017 nyu b 001 0 eng d | ||
| 010 | _a 2016026800 | ||
| 020 | _a9780190274320 | ||
| 020 | _a9780190274337 | ||
| 040 |
_aCO-BoUCM _bspa _cSaul Niño _dSaul Niño |
||
| 041 | 0 | _aeng | |
| 100 | 1 |
_aBoland, Lawrence A. _976314 |
|
| 245 | 1 | 0 |
_aEquilibrium models in economics _bpurposes and critical limitations _cLawrence A. Boland, FRSC |
| 260 |
_aNew York _bOxford University Press _c2017 |
||
| 300 | _axvii, 264 páginas | ||
| 650 | 7 |
_aEquilibrio (Economía) _914689 |
|
| 650 | 7 |
_aModelos econométricos _919668 |
|
| 942 |
_2DEWEY _a7 _cLIBRO _e1 _h339.5 _mB687e |
||
| 999 |
_c309704 _d309704 |
||